Kapitoly z hospodárskej geografie
Saved in:
| Main Author: | |
|---|---|
| Corporate Author: | |
| Other Authors: | , |
| Format: | Book |
| Language: | Slovak |
| Published: |
Bratislava
Vydavateľstvo Ekonóm
1999
|
| Edition: | 2. vyd. |
| Subjects: | |
| Tags: |
No Tags, Be the first to tag this record!
|
MARC
| LEADER | 00000nam a2200000 4500 | ||
|---|---|---|---|
| 001 | c104379 | ||
| 005 | 20221123132945.3 | ||
| 020 | |a 80-225-1066-1 | ||
| 041 | 0 | |a slo | |
| 044 | |a SK | ||
| 245 | 1 | 0 | |a Kapitoly z hospodárskej geografie |c E. Mišúnová, Z. Mocko, V. Vlčková |
| 250 | |a 2. vyd. | ||
| 264 | 1 | |a Bratislava |b Vydavateľstvo Ekonóm |c 1999 | |
| 300 | |a 262 s. | ||
| 610 | 2 | 0 | |a geografia hospodárska |
| 610 | 2 | 0 | |a geografia |
| 610 | 2 | 0 | |a zemepis |
| 610 | 2 | 0 | |a priemysel |
| 610 | 2 | 0 | |a poľnohospodárstvo |
| 610 | 2 | 0 | |a doprava |
| 610 | 2 | 0 | |a obchod |
| 610 | 2 | 0 | |a obyvateľstvo |
| 610 | 2 | 0 | |a podnebie |
| 100 | 1 | |a Mišúnová, Ema | |
| 700 | 1 | |a Mocko, Zdenko | |
| 700 | 1 | |a Vlčková, Viera | |
| 710 | 2 | |a Ekonomická univerzita v Bratislave. Národohospodárska fakulta | |